000 00727cam a22002413a 4500
001 13265
003 PGUSA
005 20140828083303.0
008 040823s2004||||xxu|||||s|||||000 | eng d
040 _aPGUSA
_beng
042 _adc
050 4 _aTX
245 1 2 _aA Book of Fruits and Flowers
_h[electronic resource] /
_cAnonymous
260 _bProject Gutenberg,
_c2004
506 _aPublic domain in the USA.
516 _aElectronic text
653 _aMateria medica, Vegetable -- Early works to 1800
653 _aCooking (Flowers) -- Early works to 1800
653 _aCooking (Fruit) -- Early works to 1800
830 0 _aProject Gutenberg
_v13265
856 4 0 _uhttp://www.gutenberg.org/ebooks/13265
942 _cEB
999 _c242520
_d242520